Welcome to CU Library Online Public Access Catalogue (OPAC)

A MINSTER'S SCRAPBOOK OF SERMON ILLUSTRATIONS AND QUOTATIONS (Record no. 6071)

MARC details
000 -LEADER
fixed length control field 00372nam a22001337a 4500
005 - DATE AND TIME OF LATEST TRANSACTION
control field 20250530145411.0
008 - FIXED-LENGTH DATA ELEMENTS--GENERAL INFORMATION
fixed length control field 250530b |||||||| |||| 00| 0 eng d
050 ## - LIBRARY OF CONGRESS CALL NUMBER
Classification number BV4225
Item number .2 KOS
100 ## - MAIN ENTRY--PERSONAL NAME
Personal name KOSTEN, ANDREW
245 ## - TITLE STATEMENT
Title A MINSTER'S SCRAPBOOK OF SERMON ILLUSTRATIONS AND QUOTATIONS
260 ## - PUBLICATION, DISTRIBUTION, ETC.
Place of publication, distribution, etc. MICHIGAN
Name of publisher, distributor, etc. BAKER BOOK HOUSE
Date of publication, distribution, etc. c1961
300 ## - PHYSICAL DESCRIPTION
Extent 119p
942 ## - ADDED ENTRY ELEMENTS (KOHA)
Source of classification or shelving scheme Library of Congress Classification
Koha item type Books
Suppress in OPAC No
999 ## -
-- 6071
-- 6071
Holdings
Withdrawn status Lost status Source of classification or shelving scheme Damaged status Not for loan Collection Home library Current library Shelving location Date acquired Total checkouts Full call number Barcode Date last seen Copy number Price effective from Koha item type
    Library of Congress Classification     Non-fiction Undergraduate Library (Christ Temple) Undergraduate Library (Christ Temple) General stacks 05/30/2025   BV4225.2 KOS ulct00002765 05/30/2025 1 05/30/2025 Books
© 2023-2024 Copyright: Central University Libraries. All Rights Reserved | Created by: Mahone Tech Office